Cái tôi phân thân cô liêu trong thơ Hàm Mặc Tử /

Đã lưu trong:
Sonraí Bibleagrafaíochta
Príomhúdar: Lê Từ Hiển.
Formáid: Bài viết
Teanga:Vietnamese
Ábhair:
Clibeanna: Cuir Clib Leis
Gan Chlibeanna, Bí ar an gcéad duine leis an taifead seo a chlibeáil!
Thư viện lưu trữ: Thư viện Trường Đại học Đà Lạt
LEADER 00756nam a2200265 4500
001 DLU090103619
005 ##20111014
040 # # |a DLU  |b vie 
041 # # |a vie 
044 # # |a vn 
100 # # |a Lê Từ Hiển. 
245 # # |a Cái tôi phân thân cô liêu trong thơ Hàm Mặc Tử /  |c Lê Từ Hiển. 
653 # # |a Đại từ nhân xưng 
653 # # |a Hàm Mặc Tử, 1912-1940 
653 # # |a Nhân vật trữ tình 
773 # # |t Thơ  |g Số 10, 2010, tr. 67-72 
920 # # |a Phòng Tạp chí -- Trung tâm Thông tin - Thư viện Trường Đại học Đà Lạt 
994 # # |a DLU 
900 # # |a True 
911 # # |a Nguyễn Thị Linh Chi 
925 # # |a G 
926 # # |a A 
927 # # |a BB 
980 # # |a Thư viện Trường Đại học Đà Lạt